In wildest Africa. (Record no. 12350)

MARC details
000 -LEADER
fixed length control field 00462cam a22001812 4500
001 - CONTROL NUMBER
control field 0000000487
005 - DATE AND TIME OF LATEST TRANSACTION
control field 20151217155802.0
008 - FIXED-LENGTH DATA ELEMENTS--GENERAL INFORMATION
fixed length control field 070205s xx 000 0 eng d
040 ## - CATALOGING SOURCE
Original cataloging agency KABU
Transcribing agency KABU
050 #0 - LIBRARY OF CONGRESS CALL NUMBER
Classification number DT425
Item number .M33
100 1# - MAIN ENTRY--PERSONAL NAME
Personal name Macqueen, Peter.
-- 0000148694
245 10 - TITLE STATEMENT
Title In wildest Africa.
260 ## - PUBLICATION, DISTRIBUTION, ETC. (IMPRINT)
Place of publication, distribution, etc. London :
Name of publisher, distributor, etc. G. Bell,
Date of publication, distribution, etc. 1910.
300 ## - PHYSICAL DESCRIPTION
Extent 394 p.
908 ## - PUT COMMAND PARAMETER (RLIN)
Put command parameter 070205
950 ## - LOCAL HOLDINGS (RLIN)
-- 1
Holdings
Withdrawn status Lost status Source of classification or shelving scheme Not for loan Home library Current library Date acquired Total Checkouts Full call number Barcode Date last seen Price effective from Koha item type
    Library of Congress Classification   Kabarak, Main Campus Kabarak, Main Campus 17/12/2015   DT425 .M33 006505 17/12/2015 17/12/2015 Africana Collection
Designed with assistance from East African Informatics Ltd